Dream big: (Record no. 14278)

000 -LEADER
fixed length control field 00808nam a2200217 a 4500
001 - CONTROL NUMBER
control field :::00012107$&:&@@
003 - CONTROL NUMBER IDENTIFIER
control field OkBaRHE
005 - DATE AND TIME OF LATEST TRANSACTION
control field 20100402121234.0
008 - FIXED-LENGTH DATA ELEMENTS--GENERAL INFORMATION
fixed length control field s1990 j 000 0 eng u
040 ## - CATALOGING SOURCE
Transcribing agency
245 10 - TITLE STATEMENT
Title Dream big:
Remainder of title the Henrietta Mears story.
Statement of responsibility, etc Earl O. Roe, editor.
260 ## - PUBLICATION, DISTRIBUTION, ETC. (IMPRINT)
Place of publication, distribution, etc Ventura, CA., :
Name of publisher, distributor, etc Gospel Life Publications.
Date of publication, distribution, etc 1990
300 ## - PHYSICAL DESCRIPTION
Extent 368 p. : illus. ;
Dimensions 25 cm.
650 ## - SUBJECT ADDED ENTRY--TOPICAL TERM
Topical term or geographic name as entry element Evangelists
General subdivision United States
-- Biography.
650 ## - SUBJECT ADDED ENTRY--TOPICAL TERM
Topical term or geographic name as entry element Mears, Henrietta C. (Henrietta Cornelia), 1890-1963.
650 ## - SUBJECT ADDED ENTRY--TOPICAL TERM
Topical term or geographic name as entry element Presbyterians
General subdivision United States
-- Biography.
650 ## - SUBJECT ADDED ENTRY--TOPICAL TERM
Topical term or geographic name as entry element Sunday-school teachers
General subdivision Biography.
700 ## - ADDED ENTRY--PERSONAL NAME
Personal name Roe, Earl O., 1927-
942 ## - ADDED ENTRY ELEMENTS (KOHA)
Source of classification or shelving scheme
Koha item type Books
Copies
Copy number Source of classification or shelving scheme Full call number Damaged status Permanent Location Barcode Shelving location Date acquired Not for loan Koha item type Withdrawn status Date last seen Price effective from Lost status
1 BX 9225 .M397 D74 1990 RHEMA Bible Training College12107General Stacks2010-04-14 Books 2010-04-142010-04-14